Finish the Movie Quote - Statistics

General Stats
  • This quiz has been taken 169 times
  • The average score is 14 of 19
Answer Stats
Answer % Correct
May the {Force} be with you.
100%
There's no place like {home}.
99%
Bond. {James} Bond.
96%
Houston we have a {problem}.
96%
To {infinity} and beyond!
96%
I'm the {king} of the world!
94%
It's {alive}! It's alive!
92%
Your going to {need} a bigger boat.
92%
{My} precious.
83%
Run, {Forrest}, Run!
81%
I am your {father}.
75%
E.T. {phone} home.
70%
Just keep {swimming}.
65%
I am Inigo Montoya {prepare} to die.
63%
{Here's} Johnny!
57%
There's no {crying} in baseball!
53%
You're killin' me, {Smalls}.
39%
You'll {shoot} your eye out!
34%
If you {build} it, he will come.
29%
No matching quizzes found
Score Distribution
Percent of People with Each Score
Percentile by Number Answered
Your Score History
You have not taken this quiz